[Event "RUS-ch (Women) sf"]
[Site "Kolontaevo"]
[Date "1997.??.??"]
[Round "?"]
[White "Poliakova, N."]
[Black "Ovchinnikova, Julia"]
[Result "1/2-1/2"]
[WhiteElo "2105"]
[BlackElo "2235"]
[PlyCount "34"]
[EventDate "1997.??.??"]
[EventType "swiss"]
[EventRounds "9"]
[EventCountry "RUS"]
[SourceTitle "EXT 1999"]
[Source "ChessBase"]
[SourceDate "1998.11.16"]
[SourceVersion "1"]
[SourceVersionDate "1998.11.16"]
[SourceQuality "1"]

1. d4 f5 2. c4 Nf6 3. Nc3 g6 4. Nf3 Bg7 5. Qc2 d6 6. e3 0-0 7. d5 c6 8. Bd2 Na6 9. Be2 Bd7 10. 0-0 Rc8 11. Qb3 Nc5 12. Qa3 Nfe4 13. Be1 Qe8 14. Nd4 f4 15. Nxe4 Nxe4 16. f3 Nf6 17. dxc6 bxc6 1/2-1/2

[Event "RUS-ch (Women) sf"]
[Site "Kolontaevo"]
[Date "1997.??.??"]
[Round "?"]
[White "Ryjanova, Julia"]
[Black "Poliakova, N."]
[Result "1-0"]
[WhiteElo "2250"]
[BlackElo "2105"]
[PlyCount "60"]
[EventDate "1997.??.??"]
[EventType "swiss"]
[EventRounds "9"]
[EventCountry "RUS"]
[SourceTitle "EXT 1999"]
[Source "ChessBase"]
[SourceDate "1998.11.16"]
[SourceVersion "1"]
[SourceVersionDate "1998.11.16"]
[SourceQuality "1"]

1. d4 d5 2. c4 e6 3. Nc3 c6 4. e3 Nf6 5. a3 Bd6 6. Bd3 Nbd7 7. c5 Bc7 8. f4 b6 9. b4 a5 10. Bd2 Ba6 11. Bxa6 Rxa6 12. b5 cxb5 13. c6 Nb8 14. Nxb5 Ne4 15. Nf3 f6 16. Rc1 0-0 17. 0-0 Rf7 18. Qa4 Qe8 19. Rc2 h6 20. Rfc1 g5 21. fxg5 hxg5 22. Be1 Rh7 23. Nxc7 Rxc7 24. Bg3 Nxg3 25. hxg3 Qg6 26. Qb5 Kf7 27. a4 Kg7 28. Nd2 g4 29. Nb1 Qe4 30. Rc3 Kg6 1-0

[Event "RUS-ch (Women) sf"]
[Site "Kolontaevo"]
[Date "1997.??.??"]
[Round "?"]
[White "Svistun, Olga"]
[Black "Poliakova, N."]
[Result "1/2-1/2"]
[WhiteElo "2180"]
[BlackElo "2105"]
[PlyCount "98"]
[EventDate "1997.??.??"]
[EventType "swiss"]
[EventRounds "9"]
[EventCountry "RUS"]
[SourceTitle "EXT 1999"]
[Source "ChessBase"]
[SourceDate "1998.11.16"]
[SourceVersion "1"]
[SourceVersionDate "1998.11.16"]
[SourceQuality "1"]

1. d4 d5 2. c4 Bf5 3. Nc3 e6 4. Nf3 c6 5. Qb3 Qb6 6. Na4 Qxb3 7. axb3 Nd7 8. c5 a6 9. Bf4 Ngf6 10. e3 h6 11. Be2 Rc8 12. h3 g5 13. Bh2 Be7 14. Nd2 Bd8 15. f3 Bc7 16. Bxc7 Rxc7 17. 0-0 0-0 18. g4 Bg6 19. f4 Kg7 20. Nc3 Rh8 21. Nf3 gxf4 22. exf4 h5 23. g5 Ne4 24. Nxe4 Bxe4 25. h4 Nf8 26. Kh2 Ng6 27. Kg3 Ne7 28. Rfd1 Bc2 29. Rd2 Bxb3 30. Ra3 Bc4 31. Bxc4 dxc4 32. Rc3 Nf5+ 33. Kh3 Rd8 34. Rxc4 Rcd7 35. Rb4 a5 36. Ra4 Rd5 37. Rc4 Ne7 38. Ne1 b5 39. cxb6 Rb8 40. b4 Rxb6 41. bxa5 Rxa5 42. Rc3 Nf5 43. Nf3 Ra4 44. Rdc2 Nxd4 45. Nxd4 Rxd4 46. Rxc6 Rxc6 47. Rxc6 Rxf4 48. Rc8 f6 49. gxf6+ Kxf6 1/2-1/2